Normal view MARC view

Entry Personal Name

Number of records used in: 1

001 - CONTROL NUMBER

  • control field: 633568

003 - CONTROL NUMBER IDENTIFIER

  • control field: OSt

005 - DATE AND TIME OF LATEST TRANSACTION

  • control field: 20221005123337.0

008 - FIXED-LENGTH DATA ELEMENTS

  • fixed length control field: 221005|| aca||aabn | a|a d

040 ## - CATALOGING SOURCE

  • Original cataloging agency: OSt
  • Transcribing agency: OSt

100 ## - HEADING--PERSONAL NAME

  • Personal name: Conference of Radical Democratic Party, Calcuta (1934)

670 ## - SOURCE DATA FOUND

  • Source citation: Work cat.: (OSt)1047138: Conference of Radical Democratic Party, Calcuta (1934) 633567, Last battles of freedom., 1944
Copyright @ Delhi University Library System